Approach to Innovation and Change in Small and Medium-sized Entreprises

Inovácie a zmeny v malých a stredných podnikoch.

Guardado en:
Detalles Bibliográficos
Autor principal: Papulová, Emília
Otros Autores: Papula, Jozef, Gajdošíková, Katarína, Papulová, Zuzana
Formato: Capítulo de libro
Lenguaje:inglés
Materias:
Etiquetas: Agregar Etiqueta
Sin Etiquetas, Sea el primero en etiquetar este registro!

MARC

LEADER 00000naa a2200000 4500
001 0240920
005 20240502073924.7
041 0 |a eng 
044 |a SK 
245 1 0 |a Approach to Innovation and Change in Small and Medium-sized Entreprises  |c Emília Papulová, Jozef Papula, Katarína Gajdošíková, Zuzana Papulová 
520 |a Inovácie a zmeny v malých a stredných podnikoch. 
610 2 0 |a podnik malý 
610 2 0 |a podnik stredný 
610 2 0 |a stratégia inovačná 
610 2 0 |a procesy podnikové 
100 1 |a Papulová, Emília 
700 1 |a Papula, Jozef 
700 1 |a Gajdošíková, Katarína 
700 1 |a Papulová, Zuzana